Fish and fisheries of Australia
Na minha lista:
| Autor principal: | |
|---|---|
| Formato: | Livro |
| Idioma: | inglês |
| Publicado em: |
Sydney
Angus and Robertson
1951
|
| Assuntos: | |
| Tags: |
Adicionar Tag
Sem tags, seja o primeiro a adicionar uma tag!
|
MARC
| LEADER | 00000nam a2200000 a 4500 | ||
|---|---|---|---|
| 001 | UCR6301 | ||
| 003 | CL-VaPUC | ||
| 008 | 980423e19510000AT |||||||||||||||||eng|d | ||
| 082 | 0 | 4 | |a 679.2 |b ROU |2 21 |
| 100 | 0 | |a Roughley, T. C |e author |9 407427 | |
| 245 | 1 | 0 | |a Fish and fisheries of Australia |
| 300 | |a 343 p | ||
| 942 | |c BK | ||
| 945 | |d 19980423 00:00:00 |a crobeson | ||
| 260 | |a Sydney |b Angus and Robertson |c 1951 | ||
| 650 | 7 | |a PECES |2 CL-VaPUC |9 407428 | |
| 650 | 0 | |a Industria pesquera |9 255432 | |
| 650 | 0 | |a Recursos pesqueros |9 255431 | |
| 650 | 0 | |a Pesca comercial |9 407429 | |
| 651 | 0 | |a Australia |9 262077 | |
| 583 | |a last modification |c 19980423 00:00:00 |k Rodrigo Vera | ||
| 999 | |c 268509 |d 268507 | ||
| 952 | |0 0 |1 0 |2 ddc |4 0 |6 679_200000000000000_ROU_1951 |7 0 |8 CCM |9 301693 |a BIBCUR |b BIBCUR |d 2019-11-20 |i 1988921 |o 679.2 ROU 1951 |p 1988921 |r 2025-04-22 |w 2019-11-20 |y BK |k CIM | ||